000 00333nam a2200157Ia 4500
100 _aKelly Al/ Pohl/ Ira
250 _a4
942 _cBK
654 _aComputer
245 _aA Book of C: Programming in C
260 _bAddison Wesly
_c1998
082 _a005.13'C'
_bKEL
300 _a726
546 _aENGLISH
999 _c31441
_d31441